| 000 | 00407nam a22001697a 4500 | ||
|---|---|---|---|
| 005 | 20160519110447.0 | ||
| 008 | 160519b xxu||||| |||| 00| 0 eng d | ||
| 020 | _a81-203-1689-4 | ||
| 041 | _aeng | ||
| 082 | _b3124 | ||
| 100 |
_aSmith G.F. _9784 |
||
| 245 | _aQuality Problem solving | ||
| 260 |
_aNew Delhi _bPrentice hall of India, _c1998 |
||
| 300 | _a322 | ||
| 650 |
_aManagement _9241 |
||
| 942 | _cBK | ||
| 999 |
_c1076 _d1076 |
||